| 000 | 01856nam a2200241Ia 4500 | ||
|---|---|---|---|
| 008 | 260220t9999||||xx |||||||||||||| ||spa|| | ||
| 040 |
_aPY-SlUNAC _bspa _erda |
||
| 041 | _aspa | ||
| 082 |
_a519.2 _bG589p |
||
| 100 |
_aGonzález Galé, José _eAutor |
||
| 245 | 0 |
_aProbabilidades y diferencias finitas / _cpor José González Galé [Autor] |
|
| 264 |
_aCórdoba : _bMacchi, _c[Fecha de publicación no identificada]. |
||
| 300 | _a1 volumen | ||
| 520 | _aEl libro "Probabilidades y diferencias finitas" de José González Galé aborda de manera rigurosa y accesible los conceptos fundamentales de la teoría de probabilidades y su relación con las diferencias finitas, un área relevante en el campo de las matemáticas aplicadas. A lo largo de sus capítulos, el autor presenta un análisis exhaustivo de las propiedades y aplicaciones de las probabilidades, complementado por ejemplos prácticos que facilitan la comprensión de estos conceptos abstractos. Además, se exploran las diferencias finitas como herramientas para la resolución de problemas en diversas disciplinas, destacando su utilidad en la aproximación de soluciones a ecuaciones diferenciales. González Galé integra teoría y práctica, ofreciendo ejercicios que permiten al lector afianzar su comprensión y aplicar los métodos discutidos. Este texto se convierte en un recurso valioso para estudiantes y profesionales que desean profundizar en el estudio de las probabilidades y su interrelación con técnicas matemáticas avanzadas, fomentando un enfoque analítico y crítico en la resolución de problemas. | ||
| 653 | _aDiferencias finitas | ||
| 653 | _aMatemáticas | ||
| 653 | _aProbabilidad | ||
| 942 |
_b2026/02/17 _cBK |
||
| 999 |
_c7639 _d7639 |
||